| Tag |
First Indicator |
Second Indicator |
Subfields |
| LEADER |
00000cam a22000008a 4500 |
| 001 |
in00001717921 |
| 005 |
20151024192827.0 |
| 008 |
011206s2002 enk 000 f eng |
| 015 |
|
|
|a GBA2-Z5479
|
| 020 |
|
|
|a 1903517079
|
| 035 |
|
|
|a (OCoLC)ocm48752942
|
| 040 |
|
|
|a UKM
|c UKM
|d IXA
|d TXA
|d UtOrBLW
|
| 041 |
1 |
|
|a eng
|a fre
|
| 049 |
|
|
|a TXAM
|
| 082 |
0 |
4 |
|a 843.92
|2 21
|
| 090 |
|
|
|a PR6104.E35
|b M5 2002
|
| 100 |
1 |
|
|a Deambrosis, Mercedes.
|
| 245 |
1 |
0 |
|a Milagrosa /
|c Mercedes Deambrosis ; translated by Mike Mitchell.
|
| 264 |
|
1 |
|a Sawtry :
|b Dedalus,
|c 2002.
|
| 300 |
|
|
|a 215 pages ;
|c 20 cm.
|
| 336 |
|
|
|a text
|b txt
|2 rdacontent
|
| 337 |
|
|
|a unmediated
|b n
|2 rdamedia
|
| 338 |
|
|
|a volume
|b nc
|2 rdacarrier
|
| 546 |
|
|
|a Translated from the French.
|
| 650 |
|
0 |
|a Mothers and daughters
|z Spain
|v Fiction.
|
| 948 |
|
|
|a cataloged
|b h
|c 2003/1/15
|e cmulkey
|f 9:50:12
|
| 994 |
|
|
|a E0
|b TXA
|
| 999 |
|
|
|a MARS
|
| 999 |
f |
f |
|s d0f9c6c4-5d04-31b0-87b2-5e0b9a13397c
|i 8f46ebc0-ad5a-3bc0-82cc-61dd94734ba8
|t 0
|
| 952 |
f |
f |
|p ric
|a Texas A&M University
|b Rellis Campus
|c Joint Library Facility
|d Remote Storage
|t 0
|e PR6104.E35 M5 2002
|h Library of Congress classification
|i unmediated -- volume
|m A14829757469
|
| 998 |
f |
f |
|a PR6104.E35 M5 2002
|t 0
|l Remote Storage
|